|
|
|
|
| LEADER |
00000cas a2200000 a 4500 |
| 001 |
vtls010301129 |
| 003 |
SK-MaSNL |
| 005 |
20260425194252.0 |
| 008 |
110810d19521953xo mr|p 0 b0slo |
| 040 |
|
|
|a SNK
|b slo
|c SNK
|e AACR2
|
| 041 |
0 |
|
|a slo
|
| 044 |
|
|
|a xo
|c SK
|
| 072 |
|
7 |
|a 37
|x Výchova a vzdelávanie
|2 konspekt
|
| 072 |
|
7 |
|a 502
|x Životné prostredie a jeho ochrana
|2 konspekt
|
| 080 |
|
|
|a 316.346.32-053.6
|2 2001
|
| 080 |
|
|
|a 502.17
|2 2001
|
| 080 |
|
|
|a 050
|2 2001
|
| 245 |
0 |
0 |
|a Človek a príroda
|b náučno-populárny mesačník pre žiakov stredných škôl
|
| 260 |
|
|
|a Bratislava
|b Štátne nakladateľstvo
|c 1952-1953
|
| 260 |
3 |
|
|3 6/1953-10/1953
|a Bratislava
|b Smena
|
| 300 |
|
|
|a 1 zv.
|c 29 cm
|
| 310 |
|
|
|a 10x ročne
|
| 362 |
0 |
|
|a Roč. I, č. 1 (sept. 1952)-roč. I, č. 10 (1953)
|
| 500 |
|
|
|a Maj. a vyd. Štátne nakladateľstvo v Bratislave, od 6/1953 Smena, nakl. a vyd. SÚV ČSM v Bratislave
|
| 500 |
|
|
|a Tlač. Tlačiarenské závody Práca, n. p. v Bratislave, od 5/1953 Grafické tlačiarne, n. p. v Bratislave
|
| 500 |
|
|
|a Vedúci redaktor: 1952-1953, Ján Čeřovský
|
| 500 |
|
|
|a Pokračoval pod názvom Pionier
|
| 650 |
0 |
7 |
|a mládež
|2 SNKPH
|9 1575
|
| 650 |
0 |
7 |
|a ochrana prírody
|2 SNKPH
|9 3778
|
| 655 |
|
7 |
|a časopisy pre mládež
|2 SNKPH
|9 70792
|
| 655 |
|
7 |
|a populárno-náučné časopisy
|2 SNKPH
|9 70770
|
| 700 |
1 |
|
|a Čeřovský, Jan,
|d 1930-2017
|4 pbd
|9 196118
|
| 785 |
0 |
0 |
|t Pionier
|w vtls010301896
|
| 910 |
|
|
|a snk
|
| 916 |
|
|
|a 1952-1953
|
| 999 |
|
|
|c 9002
|d 10932
|
| 952 |
|
|
|t č. 1-10
|a SNK
|b SNK
|y PREZ
|7 0
|p 17A0427365
|o snkČSB 806/1/1952-53
|i snkII. 836/54
|f 1
|0 0
|1 0
|4 0
|d 2004-04-30
|l 0
|r 2005-01-02 00:00:00
|w 2026-02-21
|